01328 a2200229 4500003000500000005001700005010001600022020001700038040000900055082001600064100002100080245006500101250001200166260004600178300003400224440005900258505058800317650003500905942001300940999001900953952012600972Nust20220803105132.0 a 79016320 a0201012588 : cNust00a621.317,DOR1 aDorf, Richard C.10aModern Control Systems /cRichard C. Dorf & Robert H. Bishop a7th ed. aReading, Mass. :bAddison-Wesley,cc1980. axiv, 807 p. :bill. ;c24 cm. 0aAddison-Wesley series in electrical engineering996383 aIntroduction to control systems (Page-1), Mathematical models of systems (Page-37), State variable models (Page-130), Feedback control system characteristics (Page-191), The performance of feedback control systems (Page-243), The stability of linear feedback systems (Page-311), The root locus method (Page-354), Frequency response methods (Page-432), Stability in the frequency domain (Page-497), The design of feedback control systems (Page-581), The design of state variable feedback systems (Page-659), Robust control systems (Page-723), Digital control systems (Page-787).g r  0aTelecommunication Engineering. cREF2ddc c176958d176958 00102ddc4070aMCSbMCScREFd2016-12-12o621.317,DORpMCS27267r2016-12-08w2016-12-12yREFzAlmirah No.20, Shelf No.3